| 000 | 00948nam a22002657a 4500 | ||
|---|---|---|---|
| 003 | OSt | ||
| 005 | 20170518102423.0 | ||
| 008 | 170207b xxu||||| |||| 00| 0 eng d | ||
| 020 | _a0316770108 | ||
| 040 |
_aMMU _cMMU _dMMU _beng |
||
| 042 | _apcc | ||
| 050 | 0 | 0 |
_aRC78.7.U4 _bC585 2007 |
| 060 | 1 | 0 |
_aWN 208 _bC6405 2007 |
| 082 | 0 | 0 |
_a616.07/543 _222 |
| 245 | 0 | 0 |
_aClinical sonography : _ba practical guide / _c[edited by] Roger C. Sanders, |
| 250 | _a4th ed. | ||
| 260 |
_aToronto : _bLittle, Brown and Company , _c1984. |
||
| 300 |
_a395 p. : _bill. (some col.) ; _c28 cm. |
||
| 504 | _aIncludes bibliographical references and index. | ||
| 650 | 0 | _aDiagnostic ultrasonic imaging. | |
| 650 | 1 | 2 |
_aUltrasonography _xmethods. |
| 856 | 4 | 1 |
_3Table of contents only _uhttp://www.loc.gov/catdir/toc/ecip064/2005035265.html |
| 856 | 4 | 2 |
_3Publisher description _uhttp://www.loc.gov/catdir/enhancements/fy0712/2005035265-d.html |
| 942 |
_2lcc _cLOAN LOAN |
||
| 999 |
_c22192 _d22192 |
||